Divine Worship in England in the Thirteenth and Fourteenth Centuries constrasted with and adapted to that in the Nineteenth. By John David Chambers, M.A. Recorder of Salisbury. Fully illustrated. Viñeta: Armas de la casa Pickering
Uloženo v:
| Hlavní autor: | |
|---|---|
| Médium: | Kniha |
| Jazyk: | angličtina |
| Vydáno: |
Londres
Basil Montagu Pickering, 196 Piccadilly
1877
|
| Vydání: | 1a. ed |
| Témata: | |
| Tagy: |
Přidat tag
Žádné tagy, Buďte první, kdo vytvoří štítek k tomuto záznamu!
|
MARC
| LEADER | 00000nam a2200000 a 4500 | ||
|---|---|---|---|
| 001 | UCJ7951 | ||
| 003 | CL-VaPUC | ||
| 008 | 070124e18770000UK |||||||||||||||||eng|d | ||
| 082 | 0 | 4 | |a 270 |b CHA |2 21 |
| 100 | 0 | |a Chambers, John David |e author |9 516506 | |
| 245 | 1 | 0 | |a Divine Worship in England in the Thirteenth and Fourteenth Centuries constrasted with and adapted to that in the Nineteenth. By John David Chambers, M.A. Recorder of Salisbury. Fully illustrated. Viñeta: Armas de la casa Pickering |
| 250 | |a 1a. ed | ||
| 300 | |a 431, lvi p | ||
| 942 | |c BK | ||
| 945 | |d 20070124 00:00:00 |a rinostro | ||
| 260 | |a Londres |b Basil Montagu Pickering, 196 Piccadilly |c 1877 | ||
| 500 | |a Iconografía e ilustraciones sin indizar.- Advierte errata | ||
| 600 | 0 | 7 | |a TOMAS DE CANTERBURY |2 CL-VaPUC |9 516507 |
| 650 | 0 | |a Historia de la iglesia |9 257565 | |
| 650 | 7 | |a LITURGIA |2 CL-VaPUC |9 516508 | |
| 650 | 7 | |a CULTO |2 CL-VaPUC |9 314205 | |
| 650 | 7 | |a OFICIO DIVINO |2 CL-VaPUC |9 516509 | |
| 650 | 7 | |a ORNAMENTOS RELIGIOSOS |2 CL-VaPUC |9 516510 | |
| 650 | 7 | |a CASULLAS |2 CL-VaPUC |9 516511 | |
| 650 | 7 | |a DALMATICAS |2 CL-VaPUC |9 516512 | |
| 650 | 7 | |a MANIPULOS |2 CL-VaPUC |9 516513 | |
| 650 | 7 | |a ESTOLAS |2 CL-VaPUC |9 516514 | |
| 650 | 7 | |a ORACIONES |2 CL-VaPUC |9 319212 | |
| 650 | 7 | |a PROCESIONES RELIGIOSAS |2 CL-VaPUC |9 516515 | |
| 650 | 0 | |a Vasos sagrados |9 516516 | |
| 650 | 0 | |a Arquitectura religiosa |9 266677 | |
| 650 | 0 | |a Iconografía |9 267998 | |
| 650 | 0 | |a Ilustraciones |9 369481 | |
| 650 | 0 | |a Anglicanismo |9 347523 | |
| 651 | 0 | |a Inglaterra |9 255158 | |
| 583 | |a last modification |c 20070124 00:00:00 |k Rodrigo Vera | ||
| 999 | |c 323811 |d 323809 | ||
| 952 | |0 0 |1 0 |4 0 |6 270_000000000000000_CHA_1877 |7 0 |8 X |9 403625 |a FDOBUD |b FDOBUD |d 2019-11-22 |i 1070649 |o 270 CHA 1877 |p 1070649 |r 2019-11-22 |w 2019-11-22 |y BK_X |k BUD | ||